<?xml version="1.0" encoding="UTF-8"?>
<marc:record xmlns:marc="http://www.loc.gov/MARC21/slim">
   <marc:leader>00000nam a2200000 a 4500</marc:leader>
   <marc:datafield ind1="0" ind2="0" tag="245">
      <marc:subfield code="a">Die Legende von Bagger Vance</marc:subfield>
   </marc:datafield>
   <marc:datafield ind1=" " ind2="1" tag="264">
      <marc:subfield code="a">o. O.</marc:subfield>
      <marc:subfield code="b">Twentieth Century Fox Home Entertainment</marc:subfield>
      <marc:subfield code="c">2001</marc:subfield>
   </marc:datafield>
   <marc:datafield ind1="1" ind2=" " tag="520">
      <marc:subfield code="a">Nach Ende des ersten Weltkrieges kehrt Rannulph Junuh als desillusionierter Alkoholiker in seine Heimatstadt zurück. Früher als Golftalent gefeiert und mit der bildschönen Adele Invergordon verlobt, führt er jetzt ein Leben als Einsiedler. Doch eines Tages erhält er seine große Chance. Adele organisiert ein Golfturnier und bittet ihn, gegen die berühmtesten Spieler des Landes anzutreten. Runnulph sagt zu, muss jedoch feststellen, dass er die Liebe zum Spiel und auch sein Selbstvertrauen verloren hat. Doch das Blatt wendet sich, als der mysteriöse Caddy Bagger Vance in sein Leben tritt und ihm auf magische Weise den Weg zurück zu sich selbst zeigt .....</marc:subfield>
   </marc:datafield>
   <marc:datafield ind1=" " ind2=" " tag="020">
      <marc:subfield code="a">0232008302</marc:subfield>
      <marc:subfield code="9">0232008302</marc:subfield>
   </marc:datafield>
   <marc:datafield ind1="0" ind2=" " tag="490">
      <marc:subfield code="v">0</marc:subfield>
   </marc:datafield>
   <marc:datafield ind1=" " ind2=" " tag="300">
      <marc:subfield code="a">121 Min.</marc:subfield>
   </marc:datafield>
</marc:record>
